00694nam a2200169 i 4500001000700000003000900007005001700016008004100033080003900074100003800113245017900151260002300330300002600353504003400379600004700413852006400460184811ES-MaACL20251003180409.0160120s2007 sp |||| |bspa d a929 Liaño, Álvaro Agustín de1 aVilar, Juan Bautista, d1941-201813aEl largo exilio en Alemania y Suiza (1814-1848) del bibliófilo y crítico literario Álvaro Agustín de Liaño, emigrado liberal y disidente religioso /cJuan B. Vilar. aMurcia : bEditum. aP. 423-432 ; c24 cm. aReferencias bibliográficas.17aLiaño, Alvaro Augustin de, d1782-18482 aES-MaACLj2139-F-18 z. - Dedicatoria autógrafa del autor